00569 2200169 4500245003700000020002200037250001200059100001400071650002000085005001900105260003700124041001400161084001100175300002900186500017500215336000900390 aBerjuta RasanyacTere LiyehText a978-602-9474-03-9 aCet. 31 aTere Liye aNovel Indonesia a20240126102320 aJakartabMahaka Publishingc2018 aIndonesia a808.83 avi, 205 hlm. :c20.5 cm. aUntuk kita yang terlalu malu walau sekedar manyapanya, terlanjur bersemu merah dada berdegup lebih kencang, keringat dingin di jemari bahkan sebelum sungguhan berpapasan. atext